Language Quiz

Random Language or Food Quiz

Italian: Foods Quiz Stats

 Plays Quiz Updated Aug 30, 2019

Score 0/20 Timer 05:00
5 Plays Today
English Italian % Correct
Chickenil pollo
77.8%
Ice Creamil gelato
76.7%
Cheeseil formaggio
72.7%
Fishil pesce
72.2%
Breadil pane
69%
Tomatoil pomodoro
53.6%
Orangel'arancia
51.6%
Saltil sale
51.1%
Eggl' uovo
50%
Applela mela
45.4%
English Italian % Correct
Sugarlo zucchero
43%
Hamil prosciutto
41.8%
Pepperil pepe
41.5%
Grapel'uva
40.4%
Steakla bistecca
37.6%
Strawberryla fragola
37.1%
Mushroomil fungo
30.2%
Onionla cipolla
27.2%
Lettucela lattuga
25.7%
Porkil maiale
21.8%

You're not logged in!

Compare scores with friends on all Sporcle quizzes.
OR
Log In

Sporcle TV

Today on Sporcle TV


Watch our educational content, quiz creation guides, and fun videos on Sporcle TV.

Show Comments

Extras

Top Quizzes Today


Score Distribution

Your Account Isn't Verified!

In order to create a playlist on Sporcle, you need to verify the email address you used during registration. Go to your Sporcle Settings to finish the process.

Report this User

Report this user for behavior that violates our Community Guidelines.

Details: